|
|
|
|
| LEADER |
00000nam0a2200000 4500 |
| 001 |
226493 |
| 005 |
20231101230732.0 |
| 010 |
|
|
|a 9785206008241
|
| 035 |
|
|
|a (RuTPU)RU\TPU\book\246868
|
| 035 |
|
|
|a RU\TPU\book\135485
|
| 090 |
|
|
|a 226493
|
| 100 |
|
|
|a 20121122d2011 m y0rusy50 ca
|
| 101 |
0 |
|
|a rus
|
| 102 |
|
|
|a RU
|
| 105 |
|
|
|a a j 001zy
|
| 200 |
1 |
|
|a Дискретная математика. Алгоритмы и программы. Расширенный курс
|e учебное пособие
|f Б. Н. Иванов
|
| 210 |
|
|
|a Москва
|c Известия
|d 2011
|
| 215 |
|
|
|a 511 с.
|c ил.
|
| 320 |
|
|
|a Список литературы: с. 501-502.
|
| 320 |
|
|
|a Предметный указатель: с. 503-509.
|
| 330 |
|
|
|a Пособие включает все основные разделы курса дискретной математики. Изложение носит достаточно полный и строгий характер. Наиболее важные разделы курса, такие как математическая логика, комбинаторные схемы, теория графов и теория кодирования дополнены специальными разделами — представление абстрактных объектов, сортировка и поиск, двоичные деревья сравнений, сбалансированные деревья сравнений (АВЛ-деревья), хеширование, порождение комбинаторных объектов, теория коммутативных групп, элементы теории целых чисел. Увеличение объема материала позволило уточнить суть рассматриваемых вопросов, а так же придать общее звучание разделам курса.Большое внимание уделяется построению формальных алгоритмов практического решения многочисленных задач компьютерного моделирования. Книгу можно рассматривать в качестве хорошего справочника методов и алгоритмов дискретной математики, широко применяемых в практическом программировании. Реализация алгоритмов представлена на языках Pascal и C++. Пособие предназначено для студентов специальностей, учебные планы которых предполагают изучение курса дискретной математики, в первую очередь для студентов специальности «Прикладная математика и информатика» и студентов технических специальностей, а так же программистов, занятых разработкой прикладного программного обеспечения. Книга будет полезна преподавателям, аспирантам, научным работникам, применяющим методы дискретной математики в прикладных задачах и всем кто любит и изучает дискретную математику.
|
| 606 |
1 |
|
|a Дискретная математика
|2 stltpush
|3 (RuTPU)RU\TPU\subj\9597
|9 36814
|
| 610 |
1 |
|
|a учебные пособия
|
| 610 |
1 |
|
|a алгоритмы
|
| 610 |
1 |
|
|a программы
|
| 610 |
1 |
|
|a математическая логика
|
| 610 |
1 |
|
|a комбинаторные схемы
|
| 610 |
1 |
|
|a абстрактные объекты
|
| 610 |
1 |
|
|a подсчет
|
| 610 |
1 |
|
|a оценивание
|
| 610 |
1 |
|
|a комбинаторные объекты
|
| 610 |
1 |
|
|a генерация
|
| 610 |
1 |
|
|a сортировка
|
| 610 |
1 |
|
|a поиск
|
| 610 |
1 |
|
|a графы
|
| 610 |
1 |
|
|a алгоритмы на графах
|
| 610 |
1 |
|
|a группы
|
| 610 |
1 |
|
|a теория
|
| 610 |
1 |
|
|a числа
|
| 675 |
|
|
|a 51-022.334(075.8)
|v 3
|
| 700 |
|
1 |
|a Иванов
|b Б. Н.
|g Борис Николаевич
|
| 801 |
|
1 |
|a RU
|b 63413507
|c 20071113
|g PSBO
|
| 801 |
|
2 |
|a RU
|b 63413507
|c 20201201
|g PSBO
|
| 900 |
|
|
|a Дискретная математика
|
| 900 |
|
|
|a Дискретная математика и теория графов
|
| 900 |
|
|
|a Основы дискретной математики
|
| 900 |
|
|
|a Теория алгоритмов и автоматов
|
| 900 |
|
|
|a Математическая логика и теория алгоритмов
|
| 900 |
|
|
|a Теория графов
|
| 900 |
|
|
|a Программные средства математических расчетов
|
| 942 |
|
|
|c BK
|
| 952 |
|
|
|b 010400
|